| 000 | 00364nam a2200121 4500 | ||
|---|---|---|---|
| 999 |
_c11110 _d11110 |
||
| 008 | 181012b ||||| |||| 00| 0 eng d | ||
| 100 |
_932133 _aTalavera, Catherine |
||
| 245 |
_aPalawan cited as top beach destination/ _cCatherine Talavera |
||
| 260 |
_aPhilippines _bThe Philippine Star _cc2018 |
||
| 300 | _apage 3. | ||
| 650 | 0 |
_932134 _aTourism. |
|
| 942 |
_2ddc _cPER |
||